| 000 | 00999cam a2200205 4500 | ||
|---|---|---|---|
| 001 | ABS64996 | ||
| 008 | 020130n2001 000 0 eng u | ||
| 035 | _a(Sirsi) u116548 | ||
| 100 | _aMcConnell, T | ||
| 245 | _aHotel hoodoo | ||
| 260 | _c2001 | ||
| 490 |
_aProperty Week _v66(50) 14 December 2001, 42-43(2) |
||
| 520 | _aReports on the hotel sector and the uncertain future faced by the sector following the foot and mouth crisis and the terrorist attacks on 11 September 2001. Hotel values and occupancies have dropped drastically, especially for upmarket London hotels: regional hotels have begun to recover as people stay in Britain rather than go abroad. Owners are faced with either selling up or sitting tight in the hope of a recovery while investors expect a price reduction. | ||
| 590 | _aABS | ||
| 650 | _aHOTEL MARKET | ||
| 650 | _aINVESTMENT MARKET | ||
| 650 | _aRECESSION | ||
| 690 | _aPROPERTY-COMMERCIAL PROPERTY-COMMERCIAL PROPERTY FINANCE AND INVESTMENT | ||
| 942 | _n0 | ||
| 999 |
_c69403 _d69403 |
||